Personnages de séries - R - Statistiques

Statistiques générales
  • Ce quiz a été pris 158 fois
  • Le résultat moyen est 5 sur 16
Statistiques - réponses
Par images Réponse % Correct
Rachel Green
88%
Ross Geller
78%
Rick Grimes
64%
Raquel Murillo
53%
Rue Bennett
39%
Ray Holt
36%
Robin Scherbatsky
31%
Raven Reyes
27%
Roland Marci
27%
Regina Mills
26%
Rory Gilmore
23%
Rikki Chadwick
12%
Rollo Lothbrok
12%
Rio
9%
Robby Ray
5%
Rasmus Andersen
3%
Aucun quiz correspondant
Distribution des résultats
% des personnes avec chaque résultat
Percentile par nombre de réponses
Votre historique - résultats
Vous n’avez pas pris ce quiz